বঙ্গবন্ধু ও বাঙালি জাতিরাষ্ট্রের অভ্যুদয় / (Record no. 252283)
[ view plain ]
| 000 -LEADER | |
|---|---|
| fixed length control field | 00969nam a22002297a 4500 |
| 003 - CONTROL NUMBER IDENTIFIER | |
| control field | BD-DhUL |
| 005 - DATE AND TIME OF LATEST TRANSACTION | |
| control field | 20201222103943.0 |
| 008 - FIXED-LENGTH DATA ELEMENTS--GENERAL INFORMATION | |
| fixed length control field | 201112s2020 bg a|||| |||| 000 0 ben |
| 020 ## - INTERNATIONAL STANDARD BOOK NUMBER | |
| International Standard Book Number | 9789848179215 (hbk) |
| 040 ## - CATALOGING SOURCE | |
| Original cataloging agency | BD-DhUL |
| Transcribing agency | BD-DhUL |
| 082 ## - DEWEY DECIMAL CLASSIFICATION NUMBER | |
| Classification number | 954.92 |
| Item number | NAB |
| 100 1# - MAIN ENTRY--PERSONAL NAME | |
| Personal name | নবী, মো. নুর |
| 245 00 - TITLE STATEMENT | |
| Title | বঙ্গবন্ধু ও বাঙালি জাতিরাষ্ট্রের অভ্যুদয় / |
| Statement of responsibility, etc. | মো. নুর নবী। |
| 260 ## - PUBLICATION, DISTRIBUTION, ETC. (IMPRINT) | |
| Place of publication, distribution, etc. | ঢাকা : |
| Name of publisher, distributor, etc. | তাম্রলিপি, |
| Date of publication, distribution, etc. | ২০২০। |
| 300 ## - PHYSICAL DESCRIPTION | |
| Extent | ১১২ পৃ. : |
| Other physical details | চিত্র ; |
| Dimensions | ২২ সেমি |
| 365 ## - TRADE PRICE | |
| Price type code | BDT |
| Price amount | 210.00 |
| 490 0# - SERIES STATEMENT | |
| Series statement | বঙ্গবন্ধু জন্মশতবর্ষ গ্রন্থমালা |
| 504 ## - BIBLIOGRAPHY, ETC. NOTE | |
| Bibliography, etc | গ্রন্থপঞ্জি: পৃ. ১১১-১১২। |
| 651 #4 - SUBJECT ADDED ENTRY--GEOGRAPHIC NAME | |
| Geographic name | বাংলাদেশ |
| General subdivision | ইতিহাস। |
| 651 #4 - SUBJECT ADDED ENTRY--GEOGRAPHIC NAME | |
| Geographic name | Bangladesh |
| General subdivision | History. |
| 942 ## - ADDED ENTRY ELEMENTS (KOHA) | |
| Source of classification or shelving scheme | |
| Koha item type | Books |
| Price effective from | Date last seen | Permanent Location | Not for loan | Date acquired | Source of classification or shelving scheme | Koha item type | Lost status | Withdrawn status | Copy number | Source of acquisition | Collection code | Damaged status | Shelving location | Barcode | Current Location | Public note | Full call number |
|---|---|---|---|---|---|---|---|---|---|---|---|---|---|---|---|---|---|
| 2020-11-12 | 2020-11-12 | Dhaka University Library | Not For Loan | 2020-03-16 | Books | 1 | Purchased | Non Fiction | Bangabandhu Corner | 512625 | Dhaka University Library | Bangabandhu Corner | 954.92 NAB | ||||
| 2020-11-12 | 2020-11-12 | Dhaka University Library | Not For Loan | 2020-03-16 | Books | 2 | Purchased | Non Fiction | Bangabandhu Corner | 512626 | Dhaka University Library | Bangabandhu Corner | 954.92 NAB |
